[Event "Manila ol (Women)"]
[Site "?"]
[Date "1992.??.??"]
[Round "?"]
[White "Chelushkina Irina"]
[Black "Arsim Hana"]
[Result "1-0"]
[WhiteElo "2585"]
[BlackElo "2540"]
[PlyCount "74"]
[EventDate "1992.??.??"]
[Source "www.chesslib.no"]
[SourceDate "2004.05.04"]

1. g3 Nf6 2. Bg2 g6 3. e4 d6 4. d4 Bg7 5. Ne2 O-O 6. h3 e5 7. O-O Re8 8. Nbc3 Nc6 9. Be3 exd4 10. Nxd4 Bd7 11. a4 Nxd4 12. Bxd4 Bc6 13. Re1 a6 14. a5 Qd7 15. Qd3 Rad8 16. Nd5 Bxd5 17. exd5 Rxe1+ 18. Rxe1 Re8 19. Rb1 Qb5 20. Qc3 Nh5 21. Bxg7 Nxg7 22. Qxc7 Nf5 23. b4 Re7 24. Qc8+ Re8 25. Qc3 Qd7 26. Qd3 Qe7 27. c4 Qf6 28. Be4 Ng7 29. Kg2 Qe7 30. Bf3 Rc8 31. Rb2 Qf6 32. Re2 Nf5 33. Bg4 Rc7 34. Bxf5 gxf5 35. c5 dxc5 36. d6 Rc8 37. bxc5 Kg7 1-0

[Event "Cup Russia"]
[Site "Serpukhov RUS"]
[Date "2007.11.06"]
[Round "1.3"]
[White "Novikov, St1"]
[Black "Grigoriants, S RUS."]
[Result "0-1"]
[WhiteElo "2534"]
[BlackElo "2591"]
[PlyCount "88"]
[EventDate "2007.11.05"]
[Source "www.chesslib.no"]
[SourceDate "2004.05.04"]

1. g3 e5 2. Bg2 d5 3. d3 c6 4. Nf3 Bd6 5. O-O Nf6 6. c3 O-O 7. Qc2 Re8 8. e4 a5 9. Nbd2 Na6 10. b3 Qc7 11. Bb2 Bd7 12. a3 Rad8 13. Rfe1 Bc8 14. Rac1 h6 15. b4 Qb8 16. Nb3 axb4 17. cxb4 Nc7 18. Na5 Nb5 19. exd5 cxd5 20. Qd2 Na7 21. d4 e4 22. Ne5 Nd7 23. Ng4 f5 24. Ne3 Nf6 25. f4 exf3 26. Bxf3 Be6 27. Ng2 Ne4 28. Qd3 Bf7 29. Nb3 Re7 30. Nd2 Rde8 31. Nb1 Nc8 32. Nc3 Nb6 33. Rcd1 Nc4 34. Bc1 b5 35. Bf4 Nb2 36. Qxb5 Nxc3 37. Qxb8 Bxb8 38. Rxe7 Rxe7 39. Rc1 Ba7 40. Rxc3 Bxd4+ 41. Re3 Nc4 42. Kf2 g5 43. Ke2 Bxe3 44. Bxe3 Nxe3 0-1

[Event "New York WFW"]
[Site "New York"]
[Date "1990.??.??"]
[Round "?"]
[White "Hodgson, Julian M"]
[Black "King, Daniel J"]
[Result "0-1"]
[WhiteElo "2555"]
[BlackElo "2560"]
[PlyCount "58"]
[EventDate "1990.09.??"]
[Source "ChessBase"]

1. g3 g6 2. d4 Bg7 3. e4 d5 4. exd5 Qxd5 5. Nf3 Bg4 6. Bg2 c6 7. Be3 Nf6 8. Nbd2 Qa5 9. c4 O-O 10. Qb3 Nbd7 11. O-O Nb6 12. a4 Rfe8 13. Rfe1 h6 14. Bf4 Nfd7 15. h3 Bxf3 16. Nxf3 c5 17. Bd2 Qa6 18. Bf1 Nc8 19. dxc5 Nxc5 20. Qa3 Qc6 21. Bg2 Nd6 22. Ne5 Qc7 23. b4 Nd7 24. Ng4 Nxc4 25. Rac1 Qd6 26. Rxc4 Qxd2 27. Rf1 Rac8 28. Rxc8 Rxc8 29. Bxb7 Rc3 0-1

[Event "BL"]
[Site "?"]
[Date "1994.??.??"]
[Round "?"]
[White "Norwood David"]
[Black "Glek Igor V"]
[Result "1/2-1/2"]
[WhiteElo "2525"]
[BlackElo "2590"]
[PlyCount "113"]
[EventDate "1994.??.??"]
[Source "www.chesslib.no"]
[SourceDate "2004.05.04"]

1. g3 g6 2. Bg2 Bg7 3. d4 c5 4. c3 cxd4 5. cxd4 d5 6. Nc3 Nf6 7. Bg5 Nc6 8. Bxf6 Bxf6 9. e3 e6 10. h4 O-O 11. f4 Na5 12. Nf3 Nc4 13. Qe2 Qb6 14. Rb1 Bd7 15. Ne5 Nxe5 16. fxe5 Bg7 17. h5 Rac8 18. O-O Bh6 19. Qd3 Qa6 20. Qd2 Bg5 21. Rf3 f6 22. hxg6 hxg6 23. exf6 Rxf6 24. Rxf6 Bxf6 25. Rf1 Rf8 26. Ne2 Bb5 27. Nf4 Bxf1 28. Bxf1 Qd6 29. Qc2 Bg7 30. Qxg6 Rf6 31. Qg4 e5 32. Nh5 Rg6 33. Qc8+ Bf8 34. Bg2 exd4 35. exd4 Rg5 36. Qh3 Qh6 37. Bf3 Qg6 38. Kh2 Qc2+ 39. Bg2 Qg6 40. Nf4 Qh6 41. Bxd5+ Kh8 42. Bxb7 Qxh3+ 43. Kxh3 Rb5 44. Bc6 Rxb2 45. Ng6+ Kg7 46. Nxf8 Kxf8 47. a4 Ke7 48. d5 Rb4 49. Kg2 Kd6 50. Kh3 Ke5 51. Kg2 Kf5 52. Bd7+ Ke4 53. Bc6 Rb2+ 54. Kh3 Kf5 55. Bd7+ Kg5 56. Bb5 Rd2 57. a5 1/2-1/2

[Event "BCSA Open"]
[Site "Batumi"]
[Date "2003.07.22"]
[Round "6"]
[White "Minasian, Artashes"]
[Black "Izoria, Zviad"]
[Result "1/2-1/2"]
[WhiteElo "2571"]
[BlackElo "2541"]
[PlyCount "111"]
[EventDate "2003.07.16"]
[Source "Roberto Alvarez"]
[SourceDate "2003.08.25"]

1. g3 d5 2. Bg2 e5 3. d3 Nf6 4. Nf3 Bd6 5. O-O O-O 6. c4 c6 7. cxd5 cxd5 8. Nc3 h6 9. Nb5 Nc6 10. Nxd6 Qxd6 11. d4 e4 12. Ne5 Qe6 13. Nxc6 Qxc6 14. Bf4 Bd7 15. Qd2 Nh5 16. Rfc1 Qe6 17. Bc7 Bc6 18. Rc3 Rfc8 19. Ba5 Bb5 20. Rc5 Ba6 21. Bb4 Nf6 22. Rac1 Rxc5 23. dxc5 Rd8 24. Bc3 d4 25. Bxd4 Bxe2 26. Qc3 Qf5 27. Bxf6 gxf6 28. Qe3 Bf3 29. Bf1 Kg7 30. b4 Qd5 31. b5 Rd7 32. a4 Qe5 33. a5 Qc7 34. c6 bxc6 35. bxc6 Re7 36. a6 Qe5 37. Bg2 Bg4 38. h3 Bc8 39. Rc5 Qd6 40. Kh2 Bxa6 41. Qc3 Bc8 42. c7 a5 43. Rc4 Qd3 44. Qc1 e3 45. Rc3 Qd2 46. fxe3 Qxc1 47. Rxc1 a4 48. Rc3 f5 49. Bd5 Kf6 50. Rc6+ Kg7 51. Rc3 Kf6 52. Rc6+ Kg7 53. Rc4 Re5 54. Bc6 a3 55. Ra4 Rc5 56. Bg2 1/2-1/2

[Event "Vienna op"]
[Site "Vienna"]
[Date "1996.??.??"]
[Round "7"]
[White "Hickl, Joerg"]
[Black "Lau, Ralf"]
[Result "1-0"]
[WhiteElo "2600"]
[BlackElo "2510"]
[PlyCount "109"]
[EventDate "1996.08.??"]
[Source "ChessBase"]

1. g3 d5 2. Bg2 c6 3. Nf3 Nd7 4. O-O e5 5. d3 Ngf6 6. Nbd2 Bd6 7. e4 O-O 8. b3 Re8 9. Bb2 Nf8 10. Re1 Ng6 11. a3 a5 12. c3 h6 13. Qc2 Bd7 14. Rac1 b6 15. b4 Ra7 16. Nf1 Be6 17. Ne3 Qd7 18. Nd2 Ne7 19. Nef1 Ng6 20. Ne3 Ne7 21. Re2 axb4 22. cxb4 Rc8 23. d4 exd4 24. Bxd4 Ne8 25. exd5 cxd5 26. Qb2 Rxc1+ 27. Qxc1 Bc7 28. Nb3 Nd6 29. Bb2 Nb5 30. Nc2 Nf5 31. Nbd4 Nbxd4 32. Nxd4 Nxd4 33. Bxd4 Bd8 34. h4 Rb7 35. Qc3 f6 36. a4 Bf7 37. b5 Rc7 38. Qe3 Qd6 39. Kh2 Rc4 40. Ra2 Kf8 41. Bf1 Rc8 42. a5 bxa5 43. b6 Kg8 44. Rxa5 Rb8 45. Rb5 Qc6 46. Rb2 Qb7 47. Qa3 Ra8 48. Qa7 Qxa7 49. bxa7 Bc7 50. Ba6 Be5 51. Bxe5 Rxa7 52. Bd3 Ra8 53. Bd4 Rd8 54. Rb7 Kf8 55. g4 1-0

[Event "JUG Ch sf"]
[Site "Kladovo"]
[Date "1994.??.??"]
[Round "?"]
[White "Damljanovic, Branko"]
[Black "Drasko, Milan"]
[Result "1/2-1/2"]
[WhiteElo "2560"]
[BlackElo "2545"]
[PlyCount "56"]
[EventDate "1994.??.??"]
[Source "www.chesslib.no"]
[SourceDate "2004.05.04"]

1. g3 d5 2. Bg2 c6 3. d3 Nf6 4. Nd2 e5 5. e4 Bd6 6. Ngf3 Bg4 7. h3 Bh5 8. O-O O-O 9. Qe1 Re8 10. Nh4 a5 11. a3 Na6 12. b3 Nc7 13. Bb2 Nd7 14. Nf5 Bf8 15. f4 f6 16. fxe5 fxe5 17. Kh1 a4 18. b4 d4 19. Bc1 c5 20. bxc5 Nxc5 21. g4 Bg6 22. Qg3 Nb5 23. Nf3 Qc7 24. h4 Nd7 25. Ne1 Qc3 26. Rb1 Nxa3 27. Rxb7 Qc6 28. Rb2 Nb5 1/2-1/2

[Event "Spartakiade tt 8th"]
[Site "Moscow RUS"]
[Date "1983.??.??"]
[Round "7"]
[White "Dorfman, Josif D"]
[Black "Jussupow, Artur M"]
[Result "1-0"]
[WhiteElo "2540"]
[BlackElo "2565"]
[PlyCount "57"]
[EventDate "1983.07.??"]
[Source "www.chesslib.no"]
[SourceDate "2004.05.04"]

1. g3 d5 2. Bg2 e5 3. d3 Nf6 4. Nf3 Bd6 5. Nc3 c6 6. e4 dxe4 7. Nxe4 Nxe4 8. dxe4 O-O 9. O-O Qe7 10. Nh4 Na6 11. Qe2 Be6 12. Nf5 Bxf5 13. exf5 Rad8 14. Bxc6 e4 15. f6 Qxf6 16. Bxe4 Nc5 17. Bg2 Rfe8 18. Qf3 Qg6 19. Be3 b6 20. b4 Ne4 21. a3 Nc3 22. Rfe1 Qxc2 23. Bf1 Be5 24. Rac1 Qg6 25. Bd2 Nd5 26. Bb5 Re6 27. Qxd5 Qf6 28. Bd7 Bd4 29. Rxe6 1-0

[Event "Paris Ch"]
[Site "Paris FRA"]
[Date "1990.??.??"]
[Round "?"]
[White "Spraggett, Kevin B"]
[Black "Lobron, Eric"]
[Result "0-1"]
[WhiteElo "2555"]
[BlackElo "2545"]
[PlyCount "82"]
[EventDate "1990.05.??"]
[Source "www.chesslib.no"]
[SourceDate "2004.05.04"]

1. g3 e5 2. Bg2 d5 3. d3 c6 4. Nf3 Bd6 5. O-O Nf6 6. Nc3 O-O 7. e4 dxe4 8. dxe4 Re8 9. Qe2 Bf8 10. h3 Qc7 11. b3 b5 12. Rd1 Nbd7 13. Bb2 Nc5 14. a3 a5 15. Qe1 Bb7 16. Nd2 Ne6 17. Nf3 Nc5 18. Nd2 Rad8 19. a4 b4 20. Na2 Ba6 21. Bf1 Bxf1 22. Kxf1 Qc8 23. Kg2 Rxd2 24. Qxd2 Ncxe4 25. Qe2 Ng5 26. Rh1 c5 27. f3 Qa8 28. Rhf1 Qc8 29. Rh1 Qa8 30. Rhf1 h5 31. h4 Ne6 32. Rae1 Nd4 33. Bxd4 cxd4 34. Kh2 Bd6 35. Qd3 Rc8 36. Re2 Rc5 37. Qd2 e4 38. fxe4 Nxe4 39. Qxd4 Nxg3 40. Qxd6 Nxf1+ 41. Kg1 Rc6 0-1

[Event "Bad Woerishofen Open"]
[Site "Bad Woerishofen GER"]
[Date "1994.??.??"]
[Round "8"]
[White "Hodgson, Julian M"]
[Black "Magerramov, Elmar"]
[Result "1/2-1/2"]
[WhiteElo "2570"]
[BlackElo "2525"]
[PlyCount "37"]
[EventDate "1994.03.??"]
[Source "www.chesslib.no"]
[SourceDate "2004.05.04"]

1. g3 d5 2. Bg2 c6 3. d3 e5 4. Nf3 Bd6 5. O-O Nf6 6. c4 dxc4 7. dxc4 O-O 8. Nc3 h6 9. Qc2 Qe7 10. Nh4 Re8 11. Rd1 Bc7 12. Ne4 Na6 13. b3 Nxe4 14. Bxe4 Be6 15. Bh7+ Kh8 16. Bf5 Rad8 17. Be3 Nb4 18. Qe4 a5 19. Rdc1 1/2-1/2

[Event "Campionato Rep. Ceca"]
[Site "Praga CEC"]
[Date "2007.02.07"]
[Round "2"]
[White "Votava, J."]
[Black "Stocek, J."]
[Result "1/2-1/2"]
[WhiteElo "2529"]
[BlackElo "2566"]
[PlyCount "67"]
[EventDate "2007.02.06"]
[Source "www.chesslib.no"]
[SourceDate "2004.05.04"]

1. g3 e5 2. Bg2 d5 3. d3 Bd6 4. Nd2 Nf6 5. e4 c6 6. Ngf3 O-O 7. O-O Nbd7 8. Re1 Re8 9. c3 Qc7 10. Qc2 h6 11. a4 a5 12. b3 b6 13. Bb2 Bb7 14. Nh4 Rad8 15. Rad1 Bf8 16. Nf1 Ba6 17. exd5 cxd5 18. Ne3 Bb7 19. d4 e4 20. c4 Nb8 21. Bf1 Na6 22. Nhg2 Nb4 23. Qb1 Qd7 24. Nf4 dxc4 25. Bxc4 Bd6 26. Ng6 Nd3 27. Ne5 Bxe5 28. dxe5 Nd5 29. Bxd3 exd3 30. Qxd3 Qc6 31. Nxd5 Rxd5 32. Qxd5 Qxd5 33. Rxd5 Bxd5 34. Bd4 1/2-1/2

[Event "Pyramiden Franken Cup 1st"]
[Site "?"]
[Date "1998.??.??"]
[Round "5"]
[White "Hickl Joerg"]
[Black "Hamdouchi Hichem"]
[Result "1-0"]
[WhiteElo "2555"]
[BlackElo "2535"]
[PlyCount "93"]
[EventDate "1998.??.??"]
[Source "www.chesslib.no"]
[SourceDate "2004.05.04"]

1. g3 e5 2. Bg2 f5 3. d3 Nf6 4. Nf3 d6 5. O-O g6 6. c4 Bg7 7. Nc3 O-O 8. Rb1 h6 9. b4 Nc6 10. b5 Ne7 11. Nd2 g5 12. a4 Rb8 13. Ba3 b6 14. Qb3 Be6 15. Rbc1 Kh8 16. Bb2 f4 17. Nd5 Nf5 18. Ne4 Ng4 19. h3 Nf6 20. Nexf6 Bxf6 21. g4 Nh4 22. Be4 f3 23. exf3 Bg7 24. d4 exd4 25. Rfd1 Bxd5 26. cxd5 Rf7 27. Rxd4 Bxd4 28. Bxd4+ Kg8 29. Bb2 Qe7 30. Qc3 Qe5 31. Qxe5 dxe5 32. Bxe5 Nxf3+ 33. Bxf3 Rxf3 34. Rxc7 Re8 35. Bg3 Rf7 36. Rc4 Rd7 37. d6 Kf7 38. Kg2 Red8 39. Kf3 Ke6 40. Ke3 Rf8 41. f4 Kd5 42. Rd4+ Kc5 43. f5 a6 44. bxa6 Ra8 45. Ke4 Rxa6 46. f6 Ra8 47. Be5 1-0

[Event "32nd TCh-GRE"]
[Site "Kallithea Chalkidiki"]
[Date "2003.07.05"]
[Round "2"]
[White "Hickl, Joerg"]
[Black "Schmaltz, Roland"]
[Result "1/2-1/2"]
[WhiteElo "2560"]
[BlackElo "2530"]
[PlyCount "38"]
[EventDate "2003.07.04"]
[Source "Roberto Alvarez"]
[SourceDate "2003.07.14"]

1. g3 Nf6 2. Bg2 c5 3. Nf3 Nc6 4. O-O e6 5. b3 Be7 6. Bb2 O-O 7. c4 a6 8. Nc3 Rb8 9. d4 cxd4 10. Nxd4 Qc7 11. Rc1 Nxd4 12. Qxd4 b6 13. Ne4 d6 14. Rfd1 Rd8 15. Qe3 Nxe4 16. Bxe4 Bb7 17. Rd3 Bf8 18. a4 Bc6 19. Ba3 Qb7 1/2-1/2

[Event "Moscow RUS"]
[Site "?"]
[Date "2006.05.05"]
[Round "3"]
[White "Gabrielian Artur"]
[Black "Amonatov Farrukh"]
[Result "0-1"]
[WhiteElo "2520"]
[BlackElo "2569"]
[PlyCount "104"]
[EventDate "2006.??.??"]
[Source "www.chesslib.no"]
[SourceDate "2004.05.04"]

1. g3 d5 2. Bg2 Nf6 3. d3 c6 4. Nd2 e5 5. e4 Bd6 6. Ngf3 O-O 7. O-O Bg4 8. h3 Bh5 9. Qe1 Nbd7 10. Nh4 Re8 11. Nf5 Bf8 12. Nb3 a5 13. a4 Bg6 14. Nh4 Nc5 15. Nxc5 Bxc5 16. Nxg6 hxg6 17. Qe2 Qd6 18. Bd2 Nd7 19. Rad1 Nb6 20. b3 Bb4 21. Bg5 Nd7 22. exd5 cxd5 23. c4 Nb6 24. Qf3 Rac8 25. h4 Rc7 26. h5 d4 27. Qg4 Qe6 28. Qh4 gxh5 29. Qxh5 g6 30. Qh1 f6 31. Bh3 Qd6 32. Bc1 Rh7 33. Qg2 f5 34. Bg5 Nd7 35. Rb1 Nc5 36. Rfd1 Kg7 37. Qf1 Reh8 38. Bg2 Ne6 39. Bc1 f4 40. Qe2 fxg3 41. fxg3 e4 42. Qg4 e3 43. Rb2 Rh5 44. Rf1 Ng5 45. Bxb7 Nh3+ 46. Kg2 Rg5 47. Qf3 Rf5 48. Qe4 Rxf1 49. Kxf1 Rf8+ 50. Kg2 Nf2 51. Qh4 Nxd3 52. Rb1 Qf6 0-1

[Event "It (Open) INT"]
[Site "?"]
[Date "2006.05.06"]
[Round "?"]
[White "Gabrielian Artur"]
[Black "Savchenko Boris"]
[Result "1-0"]
[WhiteElo "2520"]
[BlackElo "2568"]
[PlyCount "47"]
[EventDate "2006.??.??"]
[Source "www.chesslib.no"]
[SourceDate "2004.05.04"]

1. g3 d5 2. Bg2 c6 3. d3 Bg4 4. Nd2 e5 5. Ngf3 Bd6 6. O-O f5 7. h3 Bh5 8. e4 fxe4 9. dxe4 d4 10. Nc4 Qe7 11. c3 c5 12. cxd4 cxd4 13. Qb3 Bxf3 14. Bxf3 Nf6 15. Qxb7 O-O 16. Qxa8 Nbd7 17. Qc6 Bb4 18. a3 Nb8 19. Qb5 Bd6 20. Nxd6 Qxd6 21. Bd2 Qd8 22. Bb4 Rf7 23. Rac1 Nfd7 24. Bg4 1-0

[Event "Belgrade IKO"]
[Site "Belgrade"]
[Date "1992.??.??"]
[Round "7"]
[White "Damljanovic, Branko"]
[Black "Shipov, Sergei"]
[Result "1-0"]
[WhiteElo "2595"]
[BlackElo "2490"]
[PlyCount "83"]
[EventDate "1992.07.??"]
[Source "ChessBase"]

1. g3 d5 2. Bg2 c6 3. d3 Nf6 4. Nd2 e5 5. e4 Bd6 6. Ngf3 O-O 7. O-O Re8 8. Re1 Nbd7 9. a3 a5 10. b3 Bf8 11. Bb2 d4 12. Qe2 b5 13. c3 dxc3 14. Bxc3 Ba6 15. Rec1 Qb6 16. Bh3 Rad8 17. b4 c5 18. bxa5 Qd6 19. Rd1 Nb8 20. Nb3 Nc6 21. Rac1 Bc8 22. Bxc8 Rxc8 23. Qb2 Nd7 24. Kg2 Ra8 25. Bd2 Rec8 26. Qc3 Qe6 27. Be3 h6 28. Nfd2 Nd4 29. Qb2 Nxb3 30. Nxb3 c4 31. dxc4 bxc4 32. Na1 Rxa5 33. Qd2 c3 34. Qxd7 Qc4 35. Nc2 Qxe4+ 36. Kg1 Qc4 37. Ra1 h5 38. h4 Rb5 39. Ne1 c2 40. Rdc1 Rb2 41. Nd3 Rb5 42. Rxc2 1-0

[Event "Leeds"]
[Site "Leeds"]
[Date "1988.??.??"]
[Round "?"]
[White "Norwood, David"]
[Black "Nunn, John D M"]
[Result "0-1"]
[WhiteElo "2470"]
[BlackElo "2615"]
[PlyCount "70"]
[EventDate "1988.??.??"]
[Source "www.chesslib.no"]
[SourceDate "2004.05.04"]

1. g3 e5 2. Bg2 d5 3. d3 Nf6 4. Nf3 Bd6 5. O-O O-O 6. Nc3 c6 7. e4 dxe4 8. dxe4 Bg4 9. h3 Bh5 10. Qe1 Nbd7 11. Nh4 Re8 12. f4 exf4 13. gxf4 Bb4 14. e5 Nd5 15. Bxd5 cxd5 16. Qg3 Nc5 17. Nf5 Bg6 18. Nxg7 Kxg7 19. f5 Bxc3 20. bxc3 Ne4 21. Qf4 Bh5 22. Kh2 Kh8 23. Be3 Rg8 24. Rg1 Qc7 25. Bd4 f6 26. Kh1 Rge8 27. Rab1 b6 28. c4 Qxc4 29. Ba1 Qe2 30. Rbf1 Rg8 31. Rg6 Rxg6 32. fxg6 Qxf1+ 33. Qxf1 Ng3+ 34. Kg1 Nxf1 35. exf6 hxg6 0-1